| 000 | 00620 a2200169 4500 | ||
|---|---|---|---|
| 999 |
_c2284 _d2284 |
||
| 020 | _a9780713687811 | ||
| 050 | _aHF 5368.6 FRI 2008 | ||
| 100 |
_a Friedman, Caitlin _eauthor |
||
| 245 |
_aThe girl's guide to kicking your career into gear : _bvaluable lessons and smart suggestions for making your work life work for you / _cCaitlin Friedman and Kimberly Yorio |
||
| 264 |
_aLondon : _b A & C Black, _c2008 |
||
| 300 | _axii, 227p. : | ||
| 500 | _aincludes index. | ||
| 650 | _aWomen -- Vocational guidance. | ||
| 651 | _a Success in business. | ||
| 700 |
_a Kimberly Yorio _eauthor |
||
| 942 |
_2lcc _cBK _h5368.6 _iFRI _kHF |
||